000 00465nam a2200157 4500
001 126134
003 ES-MaACL
005 20230906192748.0
007 t|
008 070214s1928 ag r ||||1| spa d
100 1 _aReissig, Luis.
_996086
245 1 3 _aLa campaña del general Bulele
_b: novela /
_cLuis Reissig.
260 _aBuenos Aires :
_b[s. n.],
_c1928 (
_fTalleres gráficos `Radio Revista`)
300 _a160 p. ;
_c19 cm.
852 _aES-MaACL
_jF-13475
999 _c126134
_d126134